| 000 | 004340000a22001690004500 | ||
|---|---|---|---|
| 041 | 0 | _aENG | |
| 082 | 0 | 4 | _aG 262.14 R148f |
| 100 | 1 | _aRahner, Karl (1904 | |
| 245 | 1 | 0 | _aFree speech in the church / Karl Rahner |
| 260 | _aLondon, Great Britain : Sheed and Ward | ||
| 300 | _a82 Pag | ||
| 001 | 7069 | ||
| 942 | _cBK | ||
| 999 |
_c37303 _d37303 |
||
| 336 |
_atexto _btxt _2rdacontent |
||
| 337 |
_2rdamedia _asin mediación _bn |
||
| 338 |
_2rdacarrier _avolumen _bnc |
||